| 000 | 00500nam a22001577a 4500 | ||
|---|---|---|---|
| 008 | 200716b ||||| |||| 00| 0 eng d | ||
| 020 | _a9780140185218 | ||
| 082 | _aFIC 813.54 KER | ||
| 100 | _aKerouac, Jack | ||
| 245 |
_aOn the road _b introduction by Ann Charters. |
||
| 260 |
_aNew York, N.Y., U.S.A. : _bPenguin Books, _c1955. |
||
| 300 |
_axxxiii, 310 p. ; _c20 cm. |
||
| 500 | _aIncludes bibliographical references (p. [xxxi]-xxxiii). | ||
| 650 | _a Beats (Persons)--Fiction. | ||
| 942 | _2ddc | ||
| 999 |
_c8486 _d8487 |
||